| 000 | 00516nam a2200133Ia 4500 | ||
|---|---|---|---|
| 008 | 170221s9999 xx 000 0 und d | ||
| 100 | _aAnastasia G. Stamou | ||
| 245 | _aGreek Young Children’s Engagement with Media in the Home: Parents’ and Children’s Perspectives | ||
| 245 | _cAnastasia G. Stamou, Katerina Maroniti, Dimitris Schizas | ||
| 260 | _bStudies in Media and Communication | ||
| 650 | _xCommunication | ||
| 650 | _xMedia Arts | ||
| 856 | _uhttp://redfame.com/journal/index.php/smc/issue/view/20 | ||
| 999 |
_c312868 _d312868 |
||